000 01670cam a22002054a 4500
005 20250605164241.0
008 250528s ||||||||||||||||||||||||d
035 _a21341
020 _a9789602186428
040 _aGR-AtMCL
_bgre
_dGR-AtMCL
_eAACR2
245 1 _aΜάρκετινγκ / Όσα Πρέπει να Γνωρίζετε και Δεν Έχετε Ρωτήσει
250 _a
260 _bΚριτική,
_c2009
300 _a456
520 _aΚατανόηση του Ρόλου του Μάρκετινγκ στους Οργανισμούς και στην Κοινωνία, Το Πακέτο Προσφοράς Μάρκετινγκ, Επικοινωνία Μάρκετινγκ, Έρευνα Μάρκετινγκ, Στρατηγικός Σχεδιασμός Εταιρείας και Μάρκετινγκ, Τηματοποίηση Αγοράς, Αγορά και Στόχος, Διαφοροποίηση και Χωροθέτηση στο Μάρκετινγκ, Καταναλωτική Συμπεριφορά, Διαφήμιση και Προώθηση Πωλήσεων και Δημόσιες Σχέσεις, Προσωπική Πώληση, Άμεσο Μάρκετινγκ, Γκάμα και Μάρκα και Συσκευασία Προϊόντος, Μάρκετινγκ Υπηρεσιών, Λιανικό και Χονδρικό Εμπόριο, Διεθνές Μάρκετινγκ, Ηλεκτρονικό Μάρκετινγκ και Ηλεκτρονικό Εμπόριο, Νευρομάρκετινγκ, Βιβλιογραφία.
700 1 _aΠασχαλούδης Δημήτρης
_97399
942 _cBK
999 _c6406
_d6406